Statistics for Top 20 Healthiest Cities to Live In

Click here to take the quiz!

General Stats

  • This quiz has been taken 83 times
  • The average score is 13 of 20

Answers on the Map

Answers color-coded by a green-red scale on the quiz's map according to % correct below.
 

Answer Stats

RankCity% Correct
2Madrid
96%
17Helsinki
95%
20Copenhagen
94%
3Lisbon
92%
4Vienna
90%
7Tokyo
88%
10Zurich
88%
14Reykjavik
86%
19Brisbane
71%
11Adelaide
66%
8The Hague
66%
13Porto
58%
9Ljubljana
55%
1Valencia
55%
5Canberra
49%
6Tel Aviv
44%
16Cluj-Napoca
36%
18Bursa
30%
15Timisoara
27%
12Haifa
17%

Score Distribution

Percentile by Number Answered

Percent of People with Each Score

Your Score History

You have not taken this quiz